000 00468nam a2200169 a 4500
001 0000-9295
003 ELIB.Books
008 110520 1988
035 _a(ELIB.Books)0000-9447
082 _a230
_bBla
100 _aBlakely, Given
245 _aWhat the Bible Says about the Kingdom of God
260 _bJoplin: Wllege Press Publishing Company
_c1988
650 _aTheology
942 _2ddc
_cBK
998 _cbat
_e2011-05-20
_mcat
_u2018-12-06
999 _c9295
_d9295